| 000 | 00748nam a2200241Ia 4500 | ||
|---|---|---|---|
| 003 | OSt | ||
| 005 | 20260117110118.0 | ||
| 008 | 210716s2015 xx 000 0 und d | ||
| 020 | _a9789351198123 | ||
| 040 | _cAIMIT LIBRARY | ||
| 041 | _aeng | ||
| 082 |
_a651.7 _bNAIS |
||
| 100 |
_aNaik, Shruti D. _9251602 |
||
| 245 |
_aBusiness communication: _bpractical approach / _cBy Shruti D. Naik. |
||
| 250 | _a1st ed. | ||
| 260 |
_aNew Delhi : _bBiztantra , _c2015. |
||
| 300 |
_axxvi,204 p.; _bPB _c24.5 cm. |
||
| 650 |
_aContemporary issues in business communication _9251603 |
||
| 650 |
_aInterpersonal communication skills _9251604 |
||
| 650 |
_aWriting skills _9251605 |
||
| 650 |
_aPreparation skills _9251606 |
||
| 942 |
_2ddc _cBK _k651.7 NAIS |
||
| 999 |
_c195025 _d195025 |
||